Name Every Suliform - Statistics

General Stats
  • This quiz has been taken 6 times
  • The average score is 38 of 59
Answer Stats
Family Genus Species % Correct
Anhingidae Anhinga Anhinga
100%
Australasian Gannet
100%
Blue-footed Booby
100%
Brown Booby
100%
Cape Gannet
100%
Double-crested Cormorant
100%
Gulosus European Shag
100%
Great Cormorant
100%
Great Frigatebird
100%
Lesser Frigatebird
100%
Magnificent Frigatebird
100%
Masked Booby
100%
Nazca Booby
100%
Neotropic Cormorant
100%
Morus Northern Gannet
100%
Pelagic Cormorant
100%
Pied Cormorant
100%
Sula Red-footed Booby
100%
Sulidae Papasula Abbott's Booby
75%
African Darter
75%
Antarctic Shag
75%
Australasian Darter
75%
Christmas Island Frigatebird
75%
Nannopterum Flightless Cormorant
75%
Japanese Cormorant
75%
Phalacrocoracidae Microcarbo Little Pied Cormorant
75%
Oriental Darter
75%
Peruvian Booby
75%
Pygmy Cormorant
75%
Red-faced Cormorant
75%
Reed Cormorant
75%
Spotted Shag
75%
Fregatidae Fregata Ascension Frigatebird
50%
Black-faced Cormorant
50%
Urile Brandt's Cormorant
50%
Cape Cormorant
50%
Chatham Islands Shag
50%
Cocos Booby
50%
Imperial Cormorant
50%
Indian Cormorant
50%
Little Black Cormorant
50%
Little Cormorant
50%
New Zealand King Shag
50%
Poikilocarbo Red-legged Cormorant
50%
Socotra Cormorant
50%
Auckland Islands Shag
25%
Phalacrocorax Bank Cormorant
25%
Crowned Cormorant
25%
Crozet Shag
25%
Guanay Cormorant
25%
Macquarie Shag
25%
Leucocarbo Magellanic Cormorant
25%
Pitt Island Shag
25%
South Georgia Shag
25%
Stewart Island Shag
25%
Bounty Islands Cormorant
0%
Campbell Islands Shag
0%
Heard Island Shag
0%
Kerguelen Shag
0%
No matching quizzes found
Score Distribution
Percent of People with Each Score
Percentile by Number Answered
Your Score History
You have not taken this quiz